000 00427nam a22001817a 4500
003 MPLRDC
005 20220104123537.0
008 210129b ||||| |||| 00| 0 eng d
020 _a7-5027-1575-4
082 _a411.3 ZY
100 _a张益编
245 _a家庭巧吃400 法
_c
250 _a一版二刷
260 _a
_b海洋出版社
_c1993
300 _b
650 _a营养与食品
942 _cBK
_o411.3 ZY
999 _c12251
_d12241